| 000 | 00720nam a2200265 a 4500 | ||
|---|---|---|---|
| 003 | AR-BaBNM | ||
| 005 | 20251128202947.0 | ||
| 008 | 082120s2002 ||||||||||||||000 | spa|| | ||
| 040 | _cAR-BaBNM | ||
| 100 | 1 | _aSagarna, Antonio | |
| 245 | 0 | 0 |
_aUrquiza _bel histórico, la fraternidad |
| 260 |
_aBuenos Aires _bGleizer _c1938 |
||
| 300 | _a192 p. | ||
| 490 | 0 |
_aBiblioteca política contemporánea _vv. 10 |
|
| 600 | 1 | 4 |
_aSarmiento, Domingo Faustino _d1868-1874 |
| 610 | 2 | 4 | _aLa Fraternidad |
| 650 | 4 | _aHISTORIA ARGENTINA | |
| 650 | 4 | _aBIOGRAFIAS | |
| 650 | 4 | _aORGANIZACION NACIONAL | |
| 650 | 4 | _aGUERRAS CIVILES ARGENTINAS | |
| 650 | 4 | _aEDUCACION | |
| 655 | _aBIOGRAFIAS | ||
| 942 | _cBK | ||
| 998 | _cEnrique | ||
| 999 |
_c1286 _d1286 |
||